Odpowiedź to liczba - Statystyki

Ogólne statystyki
  • Ten quiz został rozwiązany 59 razy
    18 od ostatniego zresetowania
  • Średni wynik to 13 z 15
Statystyki odpowiedzi
Pytanie Odpowiedź % Poprawnych
Ile liter ma stolica Słowacji? 10
100%
Ile jest województw w Polsce 16
100%
W jakim dniu grudnia obchodzona jest wigilia? 24
100%
√9 3
100%
Ile żon miał Henryk VII? 6
100%
√49 7
100%
Ile jest planet Układu Słonecznego? 8
100%
W którym dniu lutego Rosja zaatakowała Ukrainę? 24
93%
57-24 33
93%
Ilu sąsiadów mają Indie? 6
93%
W którym roku powstał YouTube? 2005
87%
X+XVII 27
87%
Ile lat ma Robert Lewandowski? 36
87%
W którym roku upadło Imperium Rzymskie? 476
53%
Ile kilometrów ma Odra? 840
7%
Nie znaleziono quizów pasujących do podanych kryteriów
Rozkład punktacji
Procent ludzi z każdym wynikiem
Percentyl według liczby udzielonych odpowiedzi
Twoja historia wyników
Nie rozwiązałeś tego quizu od ostatniego zresetowania